| 000 | 00424nam a2200157Ia 4500 | ||
|---|---|---|---|
| 008 | 221030s9999 xx 000 0 und d | ||
| 020 | _a0195670922 | ||
| 041 | _aEnglish | ||
| 082 | _a105.23 | ||
| 100 | _aV. R. Moorthi | ||
| 245 | 0 |
_aPower Electronics - Devices, Circuits & Industrial Applications _cby V. R. Moorthi |
|
| 260 |
_bOxfor University Press _aNew Delhi _c2009 |
||
| 300 | _a1013 | ||
| 650 | _aECE | ||
| 942 | _cBK | ||
| 999 |
_c9226 _d9226 |
||